Statistics for Learn about hurricanes

Click here to take the quiz!

General Stats

  • This quiz has been taken 14 times
    (8 since last reset)
  • The average score is 6 of 9

Answer Stats

QuestionAnswer% Correct
Which hurricane was the deadliest?hurricane katrina
100%
what is the difference between a typhoon and a hurricane?its the same but is called a different name depending on the region
100%
when does hurricane season start?spring
100%
Are slow moving hurricanes as dangerous as fast moving hurricanes?yes
100%
What is the difference between a tropical storm and a hurricane?all of the above
67%
Where did hurricane Katrina hitLouisiana
67%
Can hurricanes produce tornadoes?yes
67%
How many hurricanes hit every year in the U.S.7
33%
what percent of deaths are caused by hurricanes in the U.S. a year?90%
0%

Score Distribution

Percentile by Number Answered

Percent of People with Each Score

Your Score History

You have not taken this quiz since the last reset